000 00677nam a22001817a 4500
005 20231120123724.0
008 231120b |||||||| |||| 00| 0 eng d
020 _a0702113360
041 _aEnglish
082 _a343.4 SIL
100 _aSilke, AS ; Divaris, C and Stein ML
_lEnglish
245 _aSilke on South African Income Tax :
_bBeing an exposition of the Law, practice and incidence of income tax in South Africa /
_cAS Silke, C Divaris and ML Stein
250 _aTenth Edition
260 _aCape Town :
_bJuta and Company Ltd,
_c1982
300 _bxlvii, 1696 pages ;
_c26 cm.
650 _aLegal practice
_bLaw
942 _cBK
_6ALISON_BN_VRIES
999 _c800
_d800